Gold and Civilization (Record no. 735)

MARC details
000 -CABECERA
campo de control de longitud fija 00922nam a2200229 a 4500
001 - NÚMERO DE CONTROL
campo de control BRCA_840
005 - FECHA Y HORA DE LA ÚLTIMA TRANSACCIÓN
campo de control 20190320203155.0
008 - DATOS DE LONGITUD FIJA--INFORMACIÓN GENERAL
campo de control de longitud fija 020110s2001 at-a---##b---f000-0#eng-d
020 ## - NÚMERO INTERNACIONAL ESTÁNDAR DEL LIBRO
Número Internacional Estándar del Libro 1875460136
040 ## - FUENTE DE LA CATALOGACIÓN
Centro catalogador/agencia de origen eng
Centro/agencia transcriptor DLC
Centro/agencia modificador ANL
050 #4 - SIGNATURA TOPOGRÁFICA DE LA BIBLIOTECA DEL CONGRESO
Número de clasificación NK7106
Número de documento/Ítem .G65 2001
245 10 - MENCIÓN DE TÍTULO
Título Gold and Civilization
Mención de responsabilidad, etc. with contributions by Tom Stannage editor ... [et al.].
260 ## - PUBLICACIÓN, DISTRIBUCIÓN, ETC.
Lugar de publicación, distribución, etc. Canberra
Nombre del editor, distribuidor, etc. National Museum of Australia
Fecha de publicación, distribución, etc. 2001
300 ## - DESCRIPCIÓN FÍSICA
Extensión 220 p.
Otras características físicas il. a color
Dimensiones 31 cm.
500 ## - NOTA GENERAL
Nota general Catálogo de la exposición realizada en el National Museum of Australia (Canberra), 11 marzo - 24 junio, 2001 y en el Melbourne Museum, 19 julio - 21 octubre, 2001
504 ## - NOTA DE BIBLIOGRAFÍA, ETC.
Nota de bibliografía, etc. Bibliografía : p. 218-219
650 14 - PUNTO DE ACCESO ADICIONAL DE MATERIA--TÉRMINO DE MATERIA
Término de materia o nombre geográfico como elemento de entrada Orfebrería
Subdivisión de forma Exposiciones
Subdivisión general Historia
9 (RLIN) 2796
650 14 - PUNTO DE ACCESO ADICIONAL DE MATERIA--TÉRMINO DE MATERIA
Término de materia o nombre geográfico como elemento de entrada Oro
Subdivisión de forma Exposiciones
Subdivisión general Historia
Subdivisión cronológica Siglo XIX
Subdivisión geográfica Australia
9 (RLIN) 2797
650 14 - PUNTO DE ACCESO ADICIONAL DE MATERIA--TÉRMINO DE MATERIA
Término de materia o nombre geográfico como elemento de entrada Arte australiano
Subdivisión de forma Exposiciones
Subdivisión cronológica Siglo XIX
9 (RLIN) 2798
700 1# - PUNTO DE ACCESO ADICIONAL--NOMBRE DE PERSONA
Nombre de persona Stannage, Tom
9 (RLIN) 2799
942 ## - ELEMENTOS DE PUNTO DE ACCESO ADICIONAL (KOHA)
Fuente del sistema de clasificación o colocación Library of Congress Classification
Tipo de ítem Koha Libros
Holdings
Estado de retiro Estado de pérdida Estado dañado No para préstamo Localización permanente Ubicación/localización actual Fecha de adquisición Total de préstamos Signatura topográfica completa Código de barras Fecha visto por última vez Precio válido a partir de Tipo de ítem Koha
El ejemplar forma parte de la colección y puede ser consultado según las políticas vigentes.       Biblioteca del Museo Franz Mayer (Rogerio Casas-Alatriste) Biblioteca del Museo Franz Mayer (Rogerio Casas-Alatriste) 26/06/2008   NK7106 .G65 2001 01310 22/03/2019 22/03/2019 Libros